[Event "11. Senioren Team Europameiste"]
[Site "Velden - Casino"]
[Date "2009.04.06"]
[Round "2"]
[Board "3"]
[White "Harris, J Leonard"]
[Black "Isopp, Manfred"]
[Result "0-1"]
[WhiteElo "1840"]
[BlackElo "1971"]
[PlyCount "78"]
[EventDate "2009.04.05"]
[EventType "team"]
[EventRounds "9"]
[EventCountry "AUT"]
[WhiteTeam "England 2"]
[BlackTeam "Mixed Team Austria"]

1.c3 Nf6 2.g3 g6 3.Bg2 Bg7 4.d4 O-O 5.Nf3 d6 6.O-O Nc6 7.Re1 e5 8.d5 Ne7 9.e4 h6
10.c4 Ne8 11.Nc3 f5 12.Be3 Nf6 13.Nd2 Ng4 14.Nf1 f4 15.f3 Nxe3 16.Nxe3 fxe3
17.Rxe3 g5 18.Qe2 a6 19.Rf1 Ng6 20.Kh1 Bd7 21.Nd1 b5 22.b3 bxc4 23.bxc4 Rb8
24.a3 Qe7 25.Nf2 h5 26.Nd3 a5 27.Rf2 Rb1+ 28.Ne1 Rfb8 29.Qc2 a4 30.Bf1 R1b3
31.Rfe2 g4 32.Bg2 Qg5 33.Rc3 h4 34.Kg1 h3 35.Bh1 Rxc3 36.Qxc3 Rb3 37.Qa1 Bh6
38.Nc2 gxf3 39.Rf2 Bg4

[Event "11. Senioren Team Europameiste"]
[Site "Velden - Casino"]
[Date "2009.04.06"]
[Round "2"]
[Board "2"]
[White "Kopinits, Silvia"]
[Black "Hellwege, Werner"]
[Result "0-1"]
[WhiteElo "1717"]
[BlackElo "2007"]
[PlyCount "92"]
[EventDate "2009.04.05"]
[EventType "team"]
[EventRounds "9"]
[EventCountry "AUT"]
[WhiteTeam "Kaernten Damen"]
[BlackTeam "Freibauer Niedersachsen"]

1.d4 d5 2.Bf4 c5 3.c3 Qb6 4.Qb3 Qxb3 5.axb3 cxd4 6.cxd4 Nc6 7.e3 Nf6 8.Bb5 Bd7
9.Na3 e6 10.Bxc6 Bb4+ 11.Ke2 Bxc6 12.Nf3 Nd7 13.Rhc1 O-O 14.h4 a6 15.Kf1 f6
16.Nc2 Be7 17.Kg1 Rac8 18.Bg3 Bb5 19.Na3 Bd3 20.Ne1 Bg6 21.f4 Nb6 22.Nf3 Rxc1+
23.Rxc1 Rc8 24.Rxc8+ Nxc8 25.Be1 Kf7 26.Bc3 b5 27.b4 Na7 28.Ne1 Nc6 29.Nac2 Bf5
30.Kf2 Kg6 31.g3 Kh5 32.Bd2 Be4 33.Bc3 Kg4 34.Bd2 Bd6 35.Bc3 Ne7 36.Na1 Nf5
37.Nb3 Nxg3 38.Nc5 Kxh4 39.Nxe6 Nf5 40.Nc5 g5 41.Nxe4 dxe4 42.Ng2+ Kg4 43.Bd2
gxf4 44.d5 f3 45.Nf4 Ne7 46.Bc3 Bxf4

[Event "11. Senioren Team Europameiste"]
[Site "Velden - Casino"]
[Date "2009.04.06"]
[Round "2"]
[Board "3"]
[White "Juergens, Peter"]
[Black "Leitner, Renate"]
[Result "1-0"]
[WhiteElo "2016"]
[BlackElo "1635"]
[PlyCount "85"]
[EventDate "2009.04.05"]
[EventType "team"]
[EventRounds "9"]
[EventCountry "AUT"]
[WhiteTeam "Freibauer Niedersachsen"]
[BlackTeam "Kaernten Damen"]

1.d4 d5 2.Bf4 Nf6 3.e3 e6 4.Nf3 Nc6 5.Nbd2 Bd6 6.c3 h6 7.Bd3 Bxf4 8.exf4 O-O
9.Ne5 Nxe5 10.fxe5 Nd7 11.O-O c5 12.Nf3 c4 13.Bc2 b5 14.Ne1 a5 15.a3 a4 16.f4 f5
17.g4 g6 18.Ng2 Kg7 19.Qf3 Rg8 20.gxf5 gxf5 21.Ne3 Nf8 22.Kh1 Ng6 23.Rg1 Kh7
24.Rg3 Ra7 25.Rag1 Rag7 26.Rh3 Nh4 27.Rxg7+ Rxg7 28.Qh5 Ng6 29.Qxh6+ Kg8 30.Bd1
Kf7 31.Bh5 Qg8 32.Rg3 Bd7 33.Qg5 Ke8 34.Bxg6+ Rxg6 35.Qxg6+ Qxg6 36.Rxg6 Kf7
37.Rf6+ Kg7 38.Kg2 Be8 39.Kg3 Kh7 40.Kh4 Kg7 41.Kg5 Bd7 42.Nc2 Bc8 43.Nb4

[Event "11. Senioren Team Europameiste"]
[Site "Velden - Casino"]
[Date "2009.04.06"]
[Round "2"]
[Board "1"]
[White "Birkestrand, Odd"]
[Black "Aijala, Jouko"]
[Result "0-1"]
[WhiteElo "1859"]
[BlackElo "2176"]
[PlyCount "43"]
[EventDate "2009.04.05"]
[EventType "team"]
[EventRounds "9"]
[EventCountry "AUT"]
[WhiteTeam "Norwegen 3"]
[BlackTeam "Helsinki 1"]

1.e4 c5 2.c3 d5 3.exd5 Qxd5 4.Nf3 e5 5.Bb5+ Nc6 6.O-O Bg4 7.Be2 e4 8.Ne1 Bxe2
9.Qxe2 O-O-O 10.f3 f5 11.fxe4 fxe4 12.Qg4+ Kb8 13.Qf5 Nf6 14.Nc2 Qxf5 15.Rxf5
Bd6 16.Ne3 Be7 17.Rg5 g6 18.Nf1 a6 19.Ne3 b5 20.Nc2 Nh5 21.Rg4 Nf4 22.Kh1

[Event "11. Senioren Team Europameiste"]
[Site "Velden - Casino"]
[Date "2009.04.06"]
[Round "2"]
[Board "2"]
[White "Aaltio, Erkki"]
[Black "Wicklund-Hansen, Richard"]
[Result "1-0"]
[WhiteElo "2100"]
[BlackElo "1840"]
[PlyCount "73"]
[EventDate "2009.04.05"]
[EventType "team"]
[EventRounds "9"]
[EventCountry "AUT"]
[WhiteTeam "Helsinki 1"]
[BlackTeam "Norwegen 3"]

1.d4 b5 2.e4 Bb7 3.f3 a6 4.Be3 e6 5.Bd3 Nf6 6.Ne2 d5 7.e5 Nfd7 8.O-O c5 9.c3 Nc6
10.Nd2 Qb6 11.f4 cxd4 12.cxd4 Be7 13.Nf3 Rc8 14.Rc1 O-O 15.Bb1 Rfe8 16.Qe1 Nf8
17.Qg3 f6 18.Qh3 Nd8 19.exf6 Bxf6 20.Ng5 h6 21.Nf3 Nf7 22.g4 Rxc1 23.Rxc1 Nd6
24.g5 hxg5 25.fxg5 Bd8 26.Qh5 e5 27.Ng3 e4 28.Nh4 Nf7 29.Rf1 g6 30.Qg4 Ne5
31.Qf4 Nf3+ 32.Nxf3 Ne6 33.Qg4 exf3 34.Bxg6 Rf8 35.Bf5 Ng7 36.Rxf3 Bc7 37.Bh7+

[Event "11. Senioren Team Europameiste"]
[Site "Velden - Casino"]
[Date "2009.04.06"]
[Round "2"]
[Board "3"]
[White "Bue, Gunnar"]
[Black "Korhonen, Erkki"]
[Result "0-1"]
[WhiteElo "1817"]
[BlackElo "1971"]
[PlyCount "50"]
[EventDate "2009.04.05"]
[EventType "team"]
[EventRounds "9"]
[EventCountry "AUT"]
[WhiteTeam "Norwegen 3"]
[BlackTeam "Helsinki 1"]

1.d4 Nf6 2.c4 g6 3.Nc3 Bg7 4.e4 d6 5.f3 O-O 6.Be3 e5 7.d5 c6 8.Bd3 b5 9.Nge2 b4
10.Nb1 Nh5 11.g3 Bh3 12.Nd2 f5 13.exf5 gxf5 14.Qc2 cxd5 15.cxd5 Nd7 16.Rg1 Kh8
17.Rc1 Nb6 18.Qb3 Nf6 19.Bxb6 Qxb6 20.Nc4 Qd8 21.Ne3 Bh6 22.f4 exf4 23.gxf4 Nh5
24.Qxb4 Qh4+ 25.Kd2 a5 {rest unleserlich}

[Event "11. Senioren Team Europameiste"]
[Site "Velden - Casino"]
[Date "2009.04.07"]
[Round "3"]
[Board "1"]
[White "Donchenko, Anatoly"]
[Black "Rodriguez Vargas, Orestes"]
[Result "0-1"]
[WhiteElo "2378"]
[BlackElo "2406"]
[PlyCount "31"]
[EventDate "2009.04.05"]
[EventType "team"]
[EventRounds "9"]
[EventCountry "AUT"]
[WhiteTeam "Deutschland"]
[BlackTeam "Catalonia"]

1.c4 e5 2.g3 d6 3.Bg2 g6 4.d4 Nd7 5.Nc3 Bg7 6.Nf3 Nh6 7.e4 O-O 8.O-O c6 9.h3 f5
10.exf5 Nxf5 11.dxe5 Nxe5 12.Nxe5 Bxe5 13.Kh2 Be6 14.Qd3 Qb6 15.b3 Nxg3 16.fxg3
{unleserlich}

[Event "11. Senioren Team Europameiste"]
[Site "Velden - Casino"]
[Date "2009.04.07"]
[Round "3"]
[Board "2"]
[White "Anguera, Maestro Jaime"]
[Black "Hecht, Hans-Joachim"]
[Result "1/2-1/2"]
[WhiteElo "2230"]
[BlackElo "2390"]
[PlyCount "33"]
[EventDate "2009.04.05"]
[EventType "team"]
[EventRounds "9"]
[EventCountry "AUT"]
[WhiteTeam "Catalonia"]
[BlackTeam "Deutschland"]

1.d4 Nf6 2.Nf3 e6 3.Bg5 h6 4.Bh4 b6 5.e3 Bb7 6.Bd3 Be7 7.Nbd2 d5 8.O-O O-O 9.c4
Nbd7 10.Rc1 c5 11.cxd5 exd5 12.Bb1 Re8 13.Bg3 Bf8 14.Ne5 Nxe5 15.Bxe5 Rc8 16.Qe2
Bd6 17.Nf3

[Event "11. Senioren Team Europameiste"]
[Site "Velden - Casino"]
[Date "2009.04.07"]
[Round "3"]
[Board "3"]
[White "Klundt, Klaus"]
[Black "Buxade Roca, Guillermo"]
[Result "1-0"]
[WhiteElo "2347"]
[BlackElo "2239"]
[PlyCount "129"]
[EventDate "2009.04.05"]
[EventType "team"]
[EventRounds "9"]
[EventCountry "AUT"]
[WhiteTeam "Deutschland"]
[BlackTeam "Catalonia"]

1.e4 c5 2.Nf3 Nc6 3.d4 cxd4 4.Nxd4 Nf6 5.Nc3 e5 6.Ndb5 d6 7.Bg5 a6 8.Na3 b5
9.Nd5 Be7 10.Bxf6 Bxf6 11.c4 b4 12.Nc2 a5 13.Be2 O-O 14.O-O Bg5 15.Qd3 f5
16.Nde3 Ne7 17.exf5 Bxf5 18.Nxf5 Nxf5 19.Rad1 Rf6 20.Bf3 Rc8 21.Bg4 g6 22.Ne1
Rc5 23.Nf3 Bf4 24.b3 Qf8 25.g3 Bh6 26.Kg2 Kh8 27.Qe4 Ne7 28.h4 Nc6 29.Rd3 Qe7
30.Rfd1 Bf8 31.h5 Qf7 32.hxg6 Qxg6 33.Qxg6 Rxg6 34.Bf5 Rf6 35.Be4 Nd8 36.Bd5 Rc7
37.Ng5 Rg6 38.Ne4 Kg7 39.f3 h6 40.Rh1 a4 41.bxa4 Ra7 42.a3 Rxa4 43.axb4 Rxb4
44.Ra1 Be7 45.Ra7 Kf8 46.Ra8 h5 47.Rd2 Kg7 48.Rda2 Rh6 49.R2a7 Kf8 50.Rd7 h4
51.gxh4 Rb2+ 52.Nf2 Rg6+ 53.Kf1 Rb4 54.Ke2 Bxh4 55.Ng4 Rb2+ 56.Kd3 Be7 57.Rdxd8+
Bxd8 58.Rxd8+ Ke7 59.Ra8 Kd7 60.Ra7+ Kc8 61.Ra6 Kc7 62.Nxe5 Rgg2 63.Rc6+ Kd8
64.Rxd6+ Ke8 65.Ke4

[Event "11. Senioren Team Europameiste"]
[Site "Velden - Casino"]
[Date "2009.04.07"]
[Round "3"]
[Board "4"]
[White "Coll Enriquez, Lluis"]
[Black "Malich, Burkhard"]
[Result "0-1"]
[WhiteElo "2145"]
[BlackElo "2372"]
[PlyCount "62"]
[EventDate "2009.04.05"]
[EventType "team"]
[EventRounds "9"]
[EventCountry "AUT"]
[WhiteTeam "Catalonia"]
[BlackTeam "Deutschland"]

1.e4 c5 2.Nc3 Nc6 3.g3 g6 4.Bg2 Bg7 5.d3 d6 6.Be3 e5 7.h3 Nge7 8.Qd2 Nd4 9.Nd1
O-O 10.c3 Ne6 11.Ne2 d5 12.f3 f5 13.Nf2 Rf7 14.h4 h5 15.Nh3 b6 16.Ng5 Nxg5
17.Bxg5 Be6 18.Bh3 Qd7 19.b3 Rd8 20.Bxe7 Qxe7 21.Qg5 Qxg5 22.hxg5 dxe4 23.dxe4
Rd3 24.Rf1 c4 25.b4 Bd7 26.Rd1 fxe4 27.Bg2 Ba4 28.Rxd3 cxd3 29.Nc1 Rd7 30.Nb3 e3
31.Bh3 Rd6

[Event "11. Senioren Team Europameiste"]
[Site "Velden - Casino"]
[Date "2009.04.07"]
[Round "3"]
[Board "1"]
[White "Sloth, Jorn"]
[Black "Jansa, Vlastimil"]
[Result "0-1"]
[WhiteElo "2322"]
[BlackElo "2480"]
[PlyCount "98"]
[EventDate "2009.04.05"]
[EventType "team"]
[EventRounds "9"]
[EventCountry "AUT"]
[WhiteTeam "Danmark 1"]
[BlackTeam "Tschechien"]

1.Nf3 g6 2.c4 Bg7 3.Nc3 c5 4.g3 Nc6 5.Bg2 e5 6.a3 d6 7.Rb1 a5 8.d3 Nge7 9.Bg5 f6
10.Bd2 Be6 11.O-O O-O 12.Ne1 Rb8 13.Nc2 d5 14.Na4 b6 15.cxd5 Bxd5 16.Ne3 Bxg2
17.Kxg2 Nd4 18.Nc3 f5 19.f3 Qd7 20.a4 Nec6 21.Nc4 Nb4 22.Be3 Qc6 23.Bg1 Rbd8
24.Rf2 Rfe8 25.e3 Ne6 26.Rd2 Rd7 27.Qe2 g5 28.e4 Nd4 29.Qd1 h5 30.h3 Red8 31.Ne3
f4 32.Ned5 fxg3 33.Kxg3 Rf7 34.Nxb4 axb4 35.Bxd4 exd4 36.Nd5 Rxd5 37.exd5 Qxd5
38.Rf2 Be5+ 39.Kg2 Bf4 40.Qe2 Be3 41.Rff1 g4 42.b3 Rg7 43.Kh1 gxh3 44.Qh2 Qf5
45.Rb2 Kh7 46.Rc2 Qxd3 47.Qe2 Qf5 48.Qd1 d3 49.Rc4 Qg6

[Event "11. Senioren Team Europameiste"]
[Site "Velden - Casino"]
[Date "2009.04.07"]
[Round "3"]
[Board "3"]
[White "Jorgensen, Jorgen"]
[Black "Trapl, Jindrich"]
[Result "1-0"]
[WhiteElo "2274"]
[BlackElo "2353"]
[PlyCount "93"]
[EventDate "2009.04.05"]
[EventType "team"]
[EventRounds "9"]
[EventCountry "AUT"]
[WhiteTeam "Danmark 1"]
[BlackTeam "Tschechien"]

1.d4 Nf6 2.Nf3 g6 3.c4 Bg7 4.g3 O-O 5.Bg2 d6 6.O-O Nc6 7.Nc3 Bg4 8.h3 Bd7 9.e4
e5 10.Be3 Ne8 11.dxe5 dxe5 12.Bc5 Nd6 13.Bxd6 cxd6 14.Qxd6 Qc8 15.Kh2 Rd8 16.Qc5
b6 17.Qe3 Nd4 18.Nd5 Qxc4 19.Rfc1 Qe2 20.Qxe2 Nxe2 21.Rc2 Nd4 22.Nxd4 exd4
23.Rac1 Kf8 24.f4 Rac8 25.Bf1 d3 26.Bxd3 Bxb2 27.Rd1 Ba4 28.Rxc8 Rxc8 29.Rd2 Bc1
30.Rf2 Rc5 31.Nf6 Rc3 32.Bb1 Kg7 33.e5 Bc6 34.Be4 Be3 35.Rb2 g5 36.Bxc6 Rxc6
37.Kg2 Kg6 38.Kf3 Bc1 39.Rg2 Rc3+ 40.Ke4 Re3+ 41.Kd4 Kf5 42.Rg1 gxf4 43.g4+ Kg5
44.Rxc1 Rxh3 45.Rc7 Ra3 46.Rxf7 Rxa2 47.e6

[Event "11. Senioren Team Europameiste"]
[Site "Velden - Casino"]
[Date "2009.04.07"]
[Round "3"]
[Board "4"]
[White "Pacl, Vaclav"]
[Black "Grabow, Pouelsten Holm"]
[Result "1/2-1/2"]
[WhiteElo "2277"]
[BlackElo "2200"]
[PlyCount "33"]
[EventDate "2009.04.05"]
[EventType "team"]
[EventRounds "9"]
[EventCountry "AUT"]
[WhiteTeam "Tschechien"]
[BlackTeam "Danmark 1"]

1.e4 e6 2.d4 d5 3.e5 c5 4.c3 Bd7 5.Nf3 Qb6 6.Be2 Bb5 7.O-O Bxe2 8.Qxe2 Nc6
9.dxc5 Bxc5 10.b4 Be7 11.Bf4 Nh6 12.Nbd2 O-O 13.Rab1 Qd8 14.Nb3 Nf5 15.Rfe1 Nh4
16.Nxh4 Bxh4 17.Nc5

[Event "11. Senioren Team Europameiste"]
[Site "Velden - Casino"]
[Date "2009.04.07"]
[Round "3"]
[Board "1"]
[White "Hoelzl, Franz"]
[Black "Baumbach, Friedrich"]
[Result "1/2-1/2"]
[WhiteElo "2356"]
[BlackElo "2280"]
[PlyCount "67"]
[EventDate "2009.04.05"]
[EventType "team"]
[EventRounds "9"]
[EventCountry "AUT"]
[WhiteTeam "OEsterreich"]
[BlackTeam "Berlin"]

1.c4 Nf6 2.Nc3 e6 3.e4 d5 4.e5 d4 5.exf6 dxc3 6.bxc3 gxf6 7.Nf3 c5 8.Be2 Nc6
9.O-O e5 10.Nh4 f5 11.g3 Be7 12.Ng2 Be6 13.Rb1 Qd7 14.Ne3 O-O-O 15.Nd5 h5 16.d3
h4 17.Bf3 Rdg8 18.Nxe7+ Qxe7 19.Bxc6 bxc6 20.Qa4 Qc7 21.Qa6+ Kd8 22.Rb7 Bc8
23.Rxc7 Bxa6 24.Rxa7 Bc8 25.Rxf7 f4 26.Bxf4 exf4 27.Rxf4 Rf8 28.Rxf8+ Rxf8 29.f4
h3 30.Kf2 Bg4 31.Re1 Kd7 32.Rb1 Kc7 33.Rb2 Re8 34.Rd2

[Event "11. Senioren Team Europameiste"]
[Site "Velden - Casino"]
[Date "2009.04.07"]
[Round "3"]
[Board "3"]
[White "Wittmann, Walter"]
[Black "Lieb, Harald"]
[Result "1-0"]
[WhiteElo "2272"]
[BlackElo "2247"]
[PlyCount "87"]
[EventDate "2009.04.05"]
[EventType "team"]
[EventRounds "9"]
[EventCountry "AUT"]
[WhiteTeam "OEsterreich"]
[BlackTeam "Berlin"]

1.e4 e6 2.d4 d5 3.Nd2 Nf6 4.e5 Nfd7 5.Bd3 c5 6.c3 Nc6 7.Ne2 cxd4 8.cxd4 Nb6
9.O-O Bd7 10.Nf3 Be7 11.a3 a5 12.Nc3 a4 13.Bc2 h5 14.h3 g5 15.Nh2 Qc8 16.Rb1 f5
17.exf6 Bxf6 18.Bg6+ Kd8 19.Bxh5 Rg8 20.Nf3 Nc4 21.Re1 Ne7 22.Bg4 Ra6 23.Na2 Rb6
24.Nb4 Nc6 25.Bd2 Nxd2 26.Nxc6+ Rxc6 27.Qxd2 Rc2 28.Qe3 Qc7 29.Qd3 Rc6 30.Qh7
Rg7 31.Qd3 Qb6 32.Qd2 Bc8 33.Ne5 Rcc7 34.Re3 Rce7 35.Rbe1 Rg8 36.Rf3 Bh8 37.Nf7+
Rxf7 38.Rxf7 Bxd4 39.Rd1 Be5 40.Rb1 Bd7 41.Qe2 Qd4 42.Re1 Qe4 43.Qxe4 dxe4
44.Rd1

[Event "11. Senioren Team Europameiste"]
[Site "Velden - Casino"]
[Date "2009.04.07"]
[Round "3"]
[Board "2"]
[White "Vucenovic, Dragomir"]
[Black "Titz, Heimo"]
[Result "1/2-1/2"]
[WhiteElo "2296"]
[BlackElo "2216"]
[PlyCount "133"]
[EventDate "2009.04.05"]
[EventType "team"]
[EventRounds "9"]
[EventCountry "AUT"]
[WhiteTeam "Schweiz"]
[BlackTeam "Wien 1"]

1.d4 Nf6 2.Nf3 e6 3.Bg5 b6 4.Nbd2 Bb7 5.e3 c5 6.Bd3 Be7 7.O-O O-O 8.c3 d6 9.Rc1
Nbd7 10.Re1 h6 11.Bxf6 Bxf6 12.Nf1 g6 13.e4 Bg7 14.Ne3 Nf6 15.Nf1 a6 16.Ng3 b5
17.b3 cxd4 18.cxd4 Qb6 19.h3 Rac8 20.Qd2 Rfd8 21.Rxc8 Rxc8 22.Rc1 Rxc1+ 23.Qxc1
Nd7 24.Ne2 Nb8 25.Qd2 Nd7 26.Bb1 Nf6 27.Ng3 d5 28.e5 Ne4 29.Nxe4 dxe4 30.Nh2 h5
31.Nf1 Kh7 32.Ne3 Qd8 33.Qc3 Bf8 34.Kf1 Kg8 35.g3 Be7 36.h4 Kg7 37.Bc2 a5 38.Bd1
Bb4 39.Qc1 Qc8 40.Be2 Bc3 41.Qd1 Qd7 42.Nc2 b4 43.Qc1 Qd8 44.Qe3 Bc6 45.Kg1 a4
46.Bc4 axb3 47.Bxb3 Bd5 48.Bxd5 Qxd5 49.a3 Qa2 50.Nxb4 Qa1+ 51.Kg2 Bxd4 52.Nc2
Bxe3 53.Nxa1 Bd4 54.Nb3 Bxe5 55.a4 Bc7 56.a5 f5 57.a6 Bb6 58.Na5 e3 59.fxe3 Bxe3
60.Kf3 Bg1 61.Nc6 Kf6 62.a7 Bxa7 63.Nxa7 e5 64.Nc6 g5 65.Nb4 f4 66.hxg5+ Kxg5
67.gxf4+

[Event "11. Senioren Team Europameiste"]
[Site "Velden - Casino"]
[Date "2009.04.07"]
[Round "3"]
[Board "1"]
[White "Rasmussen, Lars-Bo"]
[Black "Boehnisch, Manfred"]
[Result "0-1"]
[WhiteElo "2057"]
[BlackElo "2374"]
[PlyCount "172"]
[EventDate "2009.04.05"]
[EventType "team"]
[EventRounds "9"]
[EventCountry "AUT"]
[WhiteTeam "Luxemburg"]
[BlackTeam "Schachgemeinschaft Leipzig"]

1.d4 d5 2.g3 c6 3.Bg2 Bg4 4.h3 Bh5 5.Nf3 Nd7 6.O-O e6 7.Bf4 Ngf6 8.Nbd2 Be7 9.c3
h6 10.Ne5 Nxe5 11.dxe5 Nd7 12.g4 Bg6 13.e4 h5 14.Qe2 hxg4 15.hxg4 Nc5 16.Rad1
Qc7 17.b4 Na4 18.Qe3 Qb6 19.Rfe1 O-O-O 20.exd5 Qxe3 21.Rxe3 cxd5 22.Rc1 Kb8
23.a3 d4 24.cxd4 Rxd4 25.Ne4 Nb2 26.Bg3 Nc4 27.Rec3 Bxe4 28.Rxc4 Rxc4 29.Rxc4
Bxg2 30.Kxg2 Rd8 31.Rf4 Rf8 32.Rf3 g5 33.Rd3 Kc7 34.f4 gxf4 35.Bxf4 Rd8 36.Rc3+
Kb8 37.Kf3 b6 38.Ke4 Kb7 39.Rd3 Rxd3 40.Kxd3 Kc6 41.Kc4 b5+ 42.Kd4 a5 43.Bd2 a4
44.g5 Bd8 45.Ke4 Bb6 46.Bf4 Bf2 47.Bd2 Bh4 48.Kd4 Bg3 49.Ke4 Bf2 50.Bc3 Kd7
51.Kf3 Bg1 52.Ke4 Bb6 53.Kd3 Ke8 54.Bd4 Bd8 55.Be3 Kf8 56.Ke4 Kg7 57.Kf4 Kg6
58.Kg4 Bc7 59.Bd4 Bb8 60.Kf4 Kh5 61.Bb6 Kg6 62.Bd4 Bc7 63.Kg4 Bd8 64.Be3 Bc7
65.Bd2 Kg7 66.Be3 Kh7 67.Kh5 Bd8 68.Kg4 Kg6 69.Bc1 Bb6 70.Kf4 Bd4 71.Ke4 Bc3
72.Kf4 Kh5 73.Kf3 Bxe5 74.Ke4 Bc3 75.Kf4 Ba1 76.Kf3 Kg6 77.Ke4 Kg7 78.Kf4 Kf8
79.Kf3 Ke7 80.Ke4 Kd7 81.Kd3 Kd6 82.Kc2 Kd5 83.Kd3 Bd4 84.Kc2 Kc4 85.Bf4 e5
86.Bd2 Bf2

[Event "11. Senioren Team Europameiste"]
[Site "Velden - Casino"]
[Date "2009.04.07"]
[Round "3"]
[Board "4"]
[White "Weber, Bernd"]
[Black "Blaeser, Roman"]
[Result "1-0"]
[WhiteElo "2143"]
[BlackElo "2235"]
[PlyCount "88"]
[EventDate "2009.04.05"]
[EventType "team"]
[EventRounds "9"]
[EventCountry "AUT"]
[WhiteTeam "Schachgemeinschaft Leipzig"]
[BlackTeam "Luxemburg"]

1.d4 Nf6 2.Nf3 g6 3.c4 Bg7 4.Nc3 d6 5.e4 O-O 6.Be2 c6 7.O-O a6 8.a4 b6 9.Ne1 e5
10.Be3 Re8 11.dxe5 dxe5 12.Qxd8 Rxd8 13.Nf3 Nbd7 14.Rfd1 Re8 15.Rd6 Re6 16.Rxe6
fxe6 17.Ng5 Nc5 18.Rd1 Bf8 19.Rd8 Nb7 20.Rd1 c5 21.Nf3 Bd6 22.Ne1 Bd7 23.f3 Ne8
24.Nd3 Na5 25.Nxe5 Bc8 26.Ng4 h5 27.Nf6+ Nxf6 28.Rxd6 Rb8 29.Bf4 Kf7 30.Rd8 Ra8
31.e5 Ne8 32.Ne4 Nb7 33.Rd1 Ra7 34.Ng5+ Kg7 35.Be3 Kg8 36.Nh3 Na5 37.b4 Nb3
38.Rd3 Nd4 39.Bxd4 cxd4 40.Rxd4 Rd7 41.Rxd7 Bxd7 42.a5 bxa5 43.bxa5 Nc7 44.Kf2
Ne8

[Event "11. Senioren Team Europameiste"]
[Site "Velden - Casino"]
[Date "2009.04.07"]
[Round "3"]
[Board "1"]
[White "Rooze, Jan"]
[Black "Bachmann, Karlheinz"]
[Result "1/2-1/2"]
[WhiteElo "2283"]
[BlackElo "2274"]
[PlyCount "30"]
[EventDate "2009.04.05"]
[EventType "team"]
[EventRounds "9"]
[EventCountry "AUT"]
[WhiteTeam "Belgien"]
[BlackTeam "SF Katernberg 1913 e.V."]

1.e4 c5 2.Nc3 e6 3.Nf3 a6 4.g3 Nc6 5.Bg2 Nf6 6.O-O d6 7.d4 cxd4 8.Nxd4 Qc7 9.Re1
Be7 10.Nxc6 bxc6 11.e5 dxe5 12.Rxe5 O-O 13.Re1 Rd8 14.Qe2 Bb7 15.Ne4 c5

[Event "11. Senioren Team Europameiste"]
[Site "Velden - Casino"]
[Date "2009.04.07"]
[Round "3"]
[Board "2"]
[White "Rosen, Willy"]
[Black "Van Herck, Marcel"]
[Result "1-0"]
[WhiteElo "2290"]
[BlackElo "2182"]
[PlyCount "113"]
[EventDate "2009.04.05"]
[EventType "team"]
[EventRounds "9"]
[EventCountry "AUT"]
[WhiteTeam "SF Katernberg 1913 e.V."]
[BlackTeam "Belgien"]

1.e4 c6 2.d4 d5 3.e5 Bf5 4.Be3 e6 5.Nd2 Nd7 6.f4 c5 7.c4 cxd4 8.Bxd4 Ne7 9.Ngf3
Bg4 10.Qb3 Bxf3 11.Nxf3 Nc6 12.cxd5 Nxd4 13.Nxd4 Qa5+ 14.Kd1 exd5 15.Qb5 Qxb5
16.Bxb5 Bc5 17.Nb3 Be3 18.Re1 Bxf4 19.Nc5 O-O-O 20.Bxd7+ Rxd7 21.Nxd7 Kxd7 22.g3
Bg5 23.Ke2 Rc8 24.Kd3 Ke6 25.Re2 Bd8 26.Rf1 Bb6 27.Rf4 Rc6 28.Rb4 Rc7 29.Rg4 g6
30.Rf4 Ke7 31.g4 Rc1 32.g5 Rd1+ 33.Kc2 Rg1 34.e6 fxe6 35.Rf6 Rxg5 36.Rfxe6+ Kd7
37.Re7+ Kc6 38.Rxh7 Bg1 39.b4 d4 40.Kd3 a5 41.Re6+ Kd5 42.Rb6 Rg2 43.Rb5+ Kc6
44.Rxa5 Bxh2 45.Rc5+ Kb6 46.Rc2 Rg3+ 47.Kc4 Bg1 48.a4 Kc6 49.b5+ Kb6 50.a5+ Kxa5
51.Rxb7 Rc3+ 52.Rxc3 dxc3 53.Kxc3 g5 54.Kc4 Bb6 55.Rg7 Be3 56.Rg6 Bb6 57.Rxg5

[Event "11. Senioren Team Europameiste"]
[Site "Velden - Casino"]
[Date "2009.04.07"]
[Round "3"]
[Board "3"]
[White "Maes, Valeer"]
[Black "Nautsch, Werner"]
[Result "0-1"]
[WhiteElo "2151"]
[BlackElo "2273"]
[PlyCount "114"]
[EventDate "2009.04.05"]
[EventType "team"]
[EventRounds "9"]
[EventCountry "AUT"]
[WhiteTeam "Belgien"]
[BlackTeam "SF Katernberg 1913 e.V."]

1.d4 d5 2.Nf3 Nf6 3.c4 c6 4.Nbd2 Bg4 5.e3 e6 6.Be2 Nbd7 7.b3 Bd6 8.Bb2 O-O 9.O-O
Rc8 10.Rc1 Re8 11.Qc2 Qc7 12.h3 Bh5 13.e4 dxe4 14.Nxe4 Nxe4 15.Qxe4 Bg6 16.Qe3
e5 17.dxe5 Nxe5 18.Qc3 f6 19.Nh4 Bc5 20.Nxg6 Nxg6 21.Bh5 Qe5 22.Bxg6 hxg6 23.b4
Bb6 24.c5 Bc7 25.Rfe1 Qf4 26.g3 Qf5 27.Qc4+ Kf8 28.Kg2 Rcd8 29.Rxe8+ Rxe8 30.Rd1
Qe6 31.Qh4 Qe4+ 32.Qxe4 Rxe4 33.Rd7 Re7 34.Rd2 g5 35.Kf3 Kf7 36.g4 Bf4 37.Rd8
Ke6 38.Ke4 Bc7 39.Rd3 Re8 40.Bc1 g6 41.f4 f5+ 42.gxf5+ gxf5+ 43.Kf3 Rh8 44.fxg5
Rxh3+ 45.Ke2 Rxd3 46.Kxd3 Kf7 47.a4 Kg6 48.b5 f4 49.b6 axb6 50.cxb6 Bb8 51.a5
Kxg5 52.Kc4 Kf5 53.a6 bxa6 54.Kc5 f3 55.Be3 a5 56.b7 Ke6 57.Kxc6 a4

[Event "11. Senioren Team Europameiste"]
[Site "Velden - Casino"]
[Date "2009.04.07"]
[Round "3"]
[Board "4"]
[White "Krueger, Erich"]
[Black "Hajenius, Willem"]
[Result "1-0"]
[WhiteElo "2218"]
[BlackElo "2076"]
[PlyCount "53"]
[EventDate "2009.04.05"]
[EventType "team"]
[EventRounds "9"]
[EventCountry "AUT"]
[WhiteTeam "SF Katernberg 1913 e.V."]
[BlackTeam "Belgien"]

1.d4 f5 2.Nf3 Nf6 3.g3 g6 4.Bg2 Bg7 5.O-O O-O 6.c4 d6 7.Nc3 c6 8.d5 Bd7 9.Rb1 a5
10.a3 e5 11.dxe6 Bxe6 12.Qd3 Ne4 13.Nd4 Nc5 14.Nxe6 Nxe6 15.Rd1 Qf6 16.e3 Na6
17.Qc2 Rfd8 18.Na4 Qe7 19.b4 axb4 20.axb4 d5 21.Nb6 Nxb4 22.Rxb4 Qxb4 23.Nxa8
dxc4 24.Rxd8+ Nxd8 25.Nc7 Be5 26.Bf1 Qb3 27.Bxc4+

[Event "11. Senioren Team Europameiste"]
[Site "Velden - Casino"]
[Date "2009.04.07"]
[Round "3"]
[Board "1"]
[White "Westerinen, Heikki"]
[Black "Bergen, Peter"]
[Result "1-0"]
[WhiteElo "2344"]
[BlackElo "2170"]
[PlyCount "61"]
[EventDate "2009.04.05"]
[EventType "team"]
[EventRounds "9"]
[EventCountry "AUT"]
[WhiteTeam "Finland"]
[BlackTeam "ESV ASKOE ADMIRA VILLACH"]

1.e4 e5 2.Nf3 Nc6 3.Bb5 Nf6 4.d4 exd4 5.e5 Ne4 6.O-O Be7 7.Nxd4 Nxd4 8.Qxd4 Nc5
9.Qg4 Ne6 10.f4 c6 11.Bd3 h5 12.Qg3 h4 13.Qg4 d5 14.f5 Qb6+ 15.Kh1 Qd4 16.Qxd4
Nxd4 17.c3 Nb5 18.Bf4 a6 19.Nd2 Na7 20.Rae1 c5 21.e6 Nc6 22.Nf3 f6 23.Rd1 b5
24.Bc2 h3 25.Rxd5 hxg2+ 26.Kxg2 Rh5 27.Be4 Ra7 28.Kg3 Nd8 29.Rfd1 Bb7 30.Rd7
Bxe4 31.Rxa7

[Event "11. Senioren Team Europameiste"]
[Site "Velden - Casino"]
[Date "2009.04.07"]
[Round "3"]
[Board "2"]
[White "Turian, Hans"]
[Black "Kanko, Ilkka"]
[Result "0-1"]
[WhiteElo "2043"]
[BlackElo "2234"]
[PlyCount "76"]
[EventDate "2009.04.05"]
[EventType "team"]
[EventRounds "9"]
[EventCountry "AUT"]
[WhiteTeam "ESV ASKOE ADMIRA VILLACH"]
[BlackTeam "Finland"]

1.d4 Nf6 2.Nf3 b6 3.Bg5 Bb7 4.Nbd2 c5 5.e3 e6 6.Bd3 Be7 7.O-O O-O 8.c3 Nd5
9.Bxe7 Qxe7 10.Re1 d6 11.Rc1 Nd7 12.Qe2 Rac8 13.c4 N5f6 14.a3 cxd4 15.exd4 d5
16.b3 a5 17.Ra1 Rfd8 18.cxd5 Nxd5 19.Qe4 Nf8 20.Nc4 Nb4 21.Qe3 Nxd3 22.Qxd3 Ba6
23.Qb1 Qb7 24.Ne3 Ng6 25.d5 exd5 26.Qb2 Bd3 27.Rad1 Be4 28.Nd4 Ne7 29.h4 h6
30.h5 Qc7 31.f3 Bh7 32.Qe2 Qf4 33.Kf1 Kh8 34.g4 Ng8 35.Ng2 Qd6 36.a4 Nf6 37.Qe7
Ne4 38.Rxe4 dxe4